ბათუმის შოთა რუსთაველის სახელმწიფო უნივერსიტეტის ბიბლიოთეკა

გურამ კარტოზია 75 = Guram Kartozia 75 / (ბიბ.ჩანაწერი № 60248)

000 -ლიდერი
ფიქსირებული სიგრძის საკონტროლო ველი 01658nam a22002657a 4500
003 - საკონტროლო ნომრის იდენტიფიკატორი
საკონტროლო ველი Ge_BSU
005 - ბოლო ოპერაციის თარიღი და დრო
საკონტროლო ველი 20230621161808.0
008 - ფიქსირებული სიგრძის მონაცემთა ელემენტები - ზოგადი ინფორმაცია
ფიქსირებული სიგრძის საკონტროლო ველი 230621s2009 ge ||||| |||| 00| 0 geo d
020 ## - წიგნის საერთაშორისო სტანდარტული ნომერი
International Standard Book Number 9789941024559
041 ## - ენის კოდი
Language code of text/sound track or separate title geo
080 ## - უნივერსალური ათობითი კლასიფიკაციის ინდექსი
Universal Decimal Classification number 81(479.22)(092): 908(479.22) გ-97
245 ## - ცნობა სათაურის შესახებ
Title გურამ კარტოზია 75 = Guram Kartozia 75 /
Statement of responsibility, etc [სარედ. საბჭო: თამაზ გამყრელიძე (მთ. რედ.) [და სხვ.] ; მხატვ. თენგიზ გიგაური].
264 ## - წარმოების, გამოცემის, დისტრიბუციის და სხვა ცნობები
გამოცემის, წარმოების, დისტრიბუციის... ადგილი თბილისი :
გამოცემის, წარმოების, დისტრიბუციის... სახელწოდება [ალექსანდრე კარტოზია],
გამოცემის, წარმოების, დისტრიბუციის... თარიღი 2009.
300 ## - ფიზიკური აღწერა
Extent 415 გვ. ;
Other physical details 24 სმ.
490 ## - სერიის ცნობა
Series statement ქართველოლოგიური ბიბლიოთეკა, 1512-0236 / რედ.: იზა ჩანტლაძე, ნინო დობორჯგინიძე ; 11
504 ## - BIBLIOGRAPHY, ETC. NOTE
Bibliography, etc ბიბლიოგრ. ტექსტ. შენიშვნ. და სტატიების ბოლოს.
520 ## - SUMMARY, ETC.
Summary, etc რეზ. გერმ. და ინგლ. სტატიების ბოლოს.
653 ## - INDEX TERM--UNCONTROLLED
Uncontrolled term კარტოზია, გურამ
653 ## - INDEX TERM--UNCONTROLLED
Uncontrolled term ქართველი ენათმეცნიერები
653 ## - INDEX TERM--UNCONTROLLED
Uncontrolled term ქართული ენის გრამატიკა
653 ## - INDEX TERM--UNCONTROLLED
Uncontrolled term ლაზური ენის გრამატიკა
700 ## - ADDED ENTRY--PERSONAL NAME
Personal name გამყრელიძე, თამაზ და სხვ.
Relator term რედაქტორი
9 (RLIN) 18880
700 ## - ADDED ENTRY--PERSONAL NAME
Personal name გიგაური, თენგიზ
Relator term მხატვარი
9 (RLIN) 18881
942 ## - ADDED ENTRY ELEMENTS (KOHA)
Source of classification or shelving scheme
Koha item type წიგნი
ეგზემპლარები
ჩამოწერის სტატუსი დაკარგული ეგზემპლარის სტატუსი კლასიფიკაციის წყარო ან თაროზე გაწყობის სქემა დაზიანების სტატუსი არ გაიცემა მუდმივი მდებარეობა (დაცვის ადგილი) ამჟამინდელი ადგილსამყოფელი თაროზე განთავსების ადგილი შეძენის თარიღი ღირებულება, შესყიდვის ნორმალური ფასი სრული შენახვის შიფრი შტრიხკოდი ბოლო ოპერაციის თარიღი ეგზემპლარის მიმდევრობითი ნომერი (კეტერი?) Uniform Resource Identifier ფასის ძალაში შესვლის თარიღი ეგზემპლარის სახეობა საჯარო შენიშვნა
          ბათუმის შოთა რუსთაველის სახელმწიფო უნივერსიტეტის მთავარი ბიბლიოთეკა ბათუმის შოთა რუსთაველის სახელმწიფო უნივერსიტეტის მთავარი ბიბლიოთეკა წიგნსაცავი 2023-06-21 10.00 81(479.22)(092): 908(479.22) გ-97 64767 2023-06-21 64767 ბსუ-ს საპატიო დოქტორის გურამ ლორთქიფანიძის საჩუქარი 2023-06-21 წიგნი 10 ლ.